Normal view MARC view

Entry Geographic Name

Number of records used in: 2

001 - CONTROL NUMBER

  • control field: 27656

003 - CONTROL NUMBER IDENTIFIER

  • control field: dpl

005 - DATE AND TIME OF LATEST TRANSACTION

  • control field: 20110504123535.0

008 - FIXED-LENGTH DATA ELEMENTS

  • fixed length control field: 110504|||a|||||| | ||| d

040 ## - CATALOGING SOURCE

  • Original cataloging agency: dpl
  • Transcribing agency: dpl

151 ## - HEADING--GEOGRAPHIC NAME

  • Geographic name: भारत
  • General subdivision: इतिहास
  • Chronological subdivision: सैन्य विद्रोह, 1857-1858

670 ## - SOURCE DATA FOUND

  • Source citation: Work cat.: (dpl): शम्सुल इस्लाम 27650, (अठारह सौ सत्तावन )1857 की हैरतअंगेज़ दास्तानें /, 2010

670 ## - SOURCE DATA FOUND

  • Source citation: Work cat.: (dpl): शम्सुल इस्लाम 27650, (अठारह सौ सत्तावन )1857 की हैरतअंगेज़ दास्तानें /, 2010

© Delhi Public Library
Hit Counter
free hit counter